00931nam a2200253 i 4500001000700000003000700007005001700014008004100031020002200072080001300094100002900107245009800136250001200234260004300246300003900289490002500328655003800353700003200391830003300423852006100456942002000517999001900537952012100556186295SpMaBN20250825062636.0161004s2015 sp a |||| | spa d a978-84-944051-1-2 a087.5:821 aGopegui, Belén.95912710aMi misión era acercarme a Miranda / ctexto, Belén Gopegui ; dibujos, Rocío Martínez. a1ª ed. aMadrid : bLibros en Acción, c2015. a54 p. : bil. col. ; c19 x 16 cm.1 aPedaleo. aBicicleta 7aLibros infantiles2tgfbne92267861 aMartínez, Rocío.9778030 aPedaleo. aBicicleta9225391 aES-MaACLjA-139179193350bR.151214cDEPO1dOlim: N-6917 2udccMONOGRAFIA c186295d186295 00104070aATENEOMbATENEOMcSPD2d2016-10-04eDONl0oN-6917p1196426r2023-02-23 00:00:00w2023-02-23yMONOGRAFIA